Kanye West - Two Words - Lyrics - Statistics

General Stats
  • This quiz has been taken 140 times
  • The average score is 228 of 500
Answer Stats
Hint Answer % Correct
" who
95%
two
94%
Two
94%
I
92%
words
92%
a
83%
you
80%
You
80%
fuck
79%
Fuck
79%
on
75%
no
74%
the
73%
The
73%
So
71%
so
71%
We
71%
we
71%
go
70%
Go
70%
K.
70%
to
70%
To
70%
Chi-town
68%
In
68%
in
68%
me
67%
that
67%
be
65%
Mos
63%
'til
63%
die
62%
'Cause
61%
get
61%
up
61%
fuckin'
59%
pay
59%
by
58%
it
57%
Now
57%
now
57%
rep
57%
Def
56%
play
56%
hot
55%
place
55%
live
54%
one
54%
One
54%
only
54%
South
54%
crazy
53%
Side
53%
am
52%
And
52%
and
52%
worldwide
52%
" Jesus
51%
save
50%
shit
50%
West
50%
It's
49%
it's
49%
jail
49%
or
49%
dead
48%
down
48%
either
48%
Game
48%
game
48%
streets
48%
can't
47%
end
47%
gon'
47%
know
47%
your
47%
day
46%
Everybody
46%
everybody
46%
got
46%
Grammy
46%
let
46%
neck
46%
nominated
46%
places
46%
raised
46%
States
46%
this
46%
United
46%
judgement
45%
limelight
45%
love
45%
playa
45%
Playa
45%
Screamin'
45%
screamin'
45%
waist
45%
blame
44%
chains
44%
gats
44%
God
44%
mail
44%
nowhere
44%
people
44%
wall
44%
blue
43%
Blueprint
43%
change
43%
dated
43%
how
43%
plaques
43%
prom
43%
twenty
43%
cheerleader
42%
five
42%
ghetto
42%
Hotel
42%
Most
42%
move
42%
still
42%
Still
42%
like
41%
Like
41%
Look
41%
same
41%
signed
41%
twice
41%
accommodated
40%
been
40%
gimme
40%
caved
39%
'em
39%
hands
39%
imitated
39%
mics
39%
mom
39%
pop
39%
racially
39%
roof
39%
ya
39%
black
38%
Black
38%
hoes
37%
hustlers
37%
should've
37%
profiled
36%
throw
36%
busters
34%
hated
34%
lock
34%
Pimped
34%
boosters
33%
bootlegged
33%
bottom
33%
From
33%
rhyme
33%
back
32%
break
32%
Break
32%
Calm
32%
folks
32%
getters
32%
rained
32%
basically
31%
dues
31%
Felt
31%
Barbershop
30%
capsules
30%
paid
30%
city
29%
fat
29%
high
29%
NY
29%
AR
28%
Big
28%
breaks
28%
cock
28%
gun
28%
Gun
28%
hosed
28%
'pon
28%
stakes
28%
stop
27%
top's
27%
won't
27%
Crack
26%
ecstasy
26%
Presidential
26%
rap
26%
fast
25%
hold
25%
Too
25%
too
25%
whole
25%
don't
24%
BK
23%
macs
23%
niggas
23%
smoke
23%
Turn
23%
way
23%
why
23%
Jack
22%
my
22%
with
22%
is
21%
letters
21%
Plus
21%
runners
21%
that's
21%
These
21%
Bed
20%
brow
20%
'Cuffed
20%
free
20%
Free
20%
Low
20%
better
19%
Jackie
19%
many
19%
of
19%
burner
18%
Heavy
18%
ho'd
18%
hungry
18%
lane
18%
sleep
18%
traffic
18%
y'all
18%
ball
17%
Stuy
17%
Steven
16%
keep
15%
Seagal
15%
car
13%
freeway
12%
Have
12%
Roc
12%
arms
11%
for
11%
guns
11%
necks
11%
through
11%
backs
10%
freshman
10%
out
10%
reef
10%
young
10%
four
9%
his
9%
pot
9%
uh
9%
Joyner
8%
scandles
8%
yourself
8%
around
7%
blow
7%
boss
7%
Jay
7%
Motherfuckers
7%
slightly
7%
askin'
6%
beef
6%
clip
6%
fend
6%
heat
6%
retarded
6%
" send
6%
almighty
5%
brawl
5%
dogs
5%
harsh
5%
" law
5%
skeet
5%
artist
4%
broad
4%
forget
4%
leave
4%
Red
4%
sent
4%
squad
4%
white
4%
No matching quizzes found
Score Distribution
Percent of People with Each Score
Percentile by Number Answered
Your Score History
You have not taken this quiz